Thermodynamics for engineers (Record no. 1183)
[ view plain ]
| 000 -LEADER | |
|---|---|
| fixed length control field | 00410nam a2200145Ia 4500 |
| 008 - FIXED-LENGTH DATA ELEMENTS--GENERAL INFORMATION | |
| fixed length control field | 230312s9999||||xx |||||||||||||| ||und|| |
| 020 ## - INTERNATIONAL STANDARD BOOK NUMBER | |
| International Standard Book Number | 0070507074 |
| 082 ## - DEWEY DECIMAL CLASSIFICATION NUMBER | |
| Classification number | 621.4021 |
| Item number | POT-T |
| 100 ## - MAIN ENTRY--PERSONAL NAME | |
| Personal name | Merle C. Potter |
| 245 #0 - TITLE STATEMENT | |
| Title | Thermodynamics for engineers |
| 260 ## - PUBLICATION, DISTRIBUTION, ETC. | |
| Name of publisher, distributor, etc. | Mcgraw Hill |
| Place of publication, distribution, etc. | New York |
| Date of publication, distribution, etc. | 1993 |
| 546 ## - LANGUAGE NOTE | |
| Language note | Eng. |
| 650 ## - SUBJECT ADDED ENTRY--TOPICAL TERM | |
| Topical term or geographic name entry element | Engineering |
| Form subdivision | Entropy, Law of thermodynamics, power of refrigeration |
| 942 ## - ADDED ENTRY ELEMENTS (KOHA) | |
| Koha item type | BOOK |
| Withdrawn status | Lost status | Source of classification or shelving scheme | Damaged status | Not for loan | Home library | Current library | Date acquired | Total Checkouts | Full call number | Barcode | Date last seen | Price effective from | Koha item type |
|---|---|---|---|---|---|---|---|---|---|---|---|---|---|
| Dewey Decimal Classification | Superior Information Resource Center (SIRC) Superior University- Main Campus | Superior Information Resource Center (SIRC) Superior University- Main Campus | 03/13/2023 | 621.4021 POT-T | 1193 | 03/13/2023 | 03/13/2023 | BOOK |
